000 00608nam a2200193 i 4500
001 37936
003 ES-MaACL
005 20250815013648.0
007 t|
008 030224q1911 sp ||||1| spa d
100 1 _aCaillaux, Joseph.
_933460
245 1 4 _aLos impuestos en Francia /
_cpor Joseph Caillaux ; traducción por Luis de Terán.
260 _aMadrid :
_b[s.n.,
_c1911?] (
_fImp. de V. Tordesillas)
300 _a3 t. ;
_c23 cm.
650 4 _aImpuestos-
_zFrancia.
_9161762
700 1 _aTerán, Luis de,
_d1864-1935
_9109725
852 _aES-MaACL
_jF-14848-50
999 _c37936
_d37936